000 00503nam a2200181Ia 4500
005 20250326125337.0
008 250326s9999 xx 000 0 und d
037 _aTextbook
040 _aFMSL
_beng
_cFMSL
041 _aeng
_2eng
084 _aX8(A:979D) K9
_qFMSL
100 _aChakraborty P
245 0 _aStriks and morale in industry
_cChakraborty P
260 _aCalcutta
_bCalcutta, G C Ray
_c1969
300 _a475p
942 _cTB
_hX8(A:979D) K9
999 _c1277623
_d1277623